000 00589nam a2200217Ia 4500
005 20241129120231.0
008 241129s9999||||xx |||||||||||||| ||und||
020 _a9781032667621
037 _aTB
040 _aSDCL
_beng
_cSDCL
041 _aeng
_2eng
084 _aO:gN(Y33), R4
_qSDCL
100 _aBhattacharjee Subashish
_9729486
245 0 _aCity speaks: Urban Spaces in Indian literature
260 _aLondon
_bRoutledge
_c2024
300 _axiv,313p.
365 _aINR
_b1595
650 _aEnglish
942 _cTB
_hO:gN(Y33), R4
999 _c1233933
_d1233933